000 00316nam a22001337a 4500
008 181102b xxu||||| |||| 00| 0 eng d
020 _a0314211128
041 _aeng
080 _a341
100 _a15
101 _aJUR
245 _aCratuitous Transfers Succers Trust Gifts Future
_cClark.E
942 _2udc
_cBK
999 _c51723
_d51723